000 00969nam a22001937a 4500
005 20240501151319.0
010 _aHIN-127436
020 _c750.00
_a9789395310505
035 _aHN-99782
037 _bDBAD
082 _a333.7930954
100 _aदीपिका सिंह
_965368
245 _aभारत-म्यांमार सीमा पार आधारभूत संरचनाओं का विकास एवं उर्जा सहयोग:
_bकलादान परियोजना का अध्ययन/
_cदीपिका सिंह
260 _aनई दिल्ली
_bहिंदी बुक सेंटर
_c2023
270 _a4/5-बी आसफ अली रोड
_bनई दिल्ली
_e110002
300 _a168पृ;
_c24सेमी.(सजिल्द)
_bसचित्र
650 _aहिन्दी
_965369
942 _2ddc
_cHN
_h333.7930954
_mदीपिका
999 _c202483
_d202483